000 00311 a2200109 4500
001 ART_11112
005 20260410161732.0
008 260409a
245 1 0 _aEl ajuste no es recesivo
100 1 _aFrenkel, Roberto
773 0 _tEjecutivos de finanzas
_g- Año 5, Nº 42 (nov. 1987)
_wREV2863
999 _c17976
_d17976